| 000 | 00520nam a2200193 i 4500 | ||
|---|---|---|---|
| 001 | bg | ||
| 100 | 1 | _aSTECKI, Leopold | |
| 245 | 1 | 0 |
_aConsulting / _cLeopold Stecki. - T. _n1. |
| 260 |
_aToruĊ : _bTowarzystwo Naukowe Organizacji i Kierownictwa "Dom Organizatora", _c1997. |
||
| 300 |
_a359 s. ; _c21 cm. |
||
| 650 | 9 | _aPoradnictwo | |
| 020 | _a8386850515 (2 t.) | ||
| 040 | _cBPK | ||
| 041 | 0 | _apl | |
| 080 | _a659 | ||
| 920 | _a83-86850-51-5 (2 t.) | ||
| 942 | _cKS | ||
| 008 | s pl f |000 0 pol | ||
| 999 |
_c32971 _d32971 |
||
| 856 |
_uhttp://koha.tu.koszalin.pl/cgi-bin/koha/opac-detail.pl?biblionumber=32971 _yKatalog online BPK |
||